Normal view
MARC view
- PROJECT SUPERVISOR DR. USMAN ALI
Entry Personal Name
001 - CONTROL NUMBER
- control field: 71292
003 - CONTROL NUMBER IDENTIFIER
- control field: NUST
005 - DATE AND TIME OF LATEST TRANSACTION
- control field: 20210628204622.0
008 - FIXED-LENGTH DATA ELEMENTS
- fixed length control field: 210628|| aca||aabn | a|a d
040 ## - CATALOGING SOURCE
- Original cataloging agency: NUST
- Transcribing agency: NUST
100 ## - HEADING--PERSONAL NAME
- Personal name: PROJECT SUPERVISOR DR. USMAN ALI
670 ## - SOURCE DATA FOUND
- Source citation: Work cat.: (NUST): NC Ahmad Mujtaba NC Muhammad Amir Hamza 71290, PR-SOF-1756-DUAL STAGE HIGH FREQUENCY CASCADED H-BRIDGE MULTI-LEVEL INVERTER, 2018
